000 004210000a22001810004500
003 MACL
005 20150911151500.0
008 150911b xxu||||| |||| 00| 0 eng d
040 _aMACL
_cMACL
041 _aEnglish
082 _a822/MIT
100 _aMitra, Sunil
_910193
245 _aNildarpan
260 _bSunil Mitra Shrirangam
_c2001
_aKolkata
350 _a200
650 _aDrama
_910194
942 _cBK
_k822
_2ddc
999 _c1973
_d1973